| 000 | 00373nam a2200157Ia 4500 | ||
|---|---|---|---|
| 003 | OSt | ||
| 005 | 20240129154120.0 | ||
| 008 | 170524s9999 xx 000 0 und d | ||
| 020 | _a978-93-5596-428-1 | ||
| 040 | _cIIMT UNIVERSITY | ||
| 100 | _aCHERUNILAM.F | ||
| 100 | _c2010 | ||
| 245 | 0 | _aBUSINESS ENVIRONMENT | |
| 260 | _aHIMALAYA PUBLICATION HOUSE | ||
| 942 |
_2ddc _c01 |
||
| 999 |
_c2437 _d2437 |
||